[Event "Agen 2017 - Accession"]
[Site "?"]
[Date "2017.08.21"]
[Round "3.4"]
[White "Lacroix, Romain"]
[Black "Barbot, Pierre"]
[Result "0-1"]
[LiveChessVersion "1.4.8"]
[BlackElo "2453"]
[WhiteElo "2255"]

1. d4 {[%clk 1:30:56]} Nf6 {[%clk 1:27:22]} 2. Nf3 {[%clk 1:31:15]} e6
{[%clk 1:27:43]} 3. Bf4 {[%clk 1:30:29]} c5 {[%clk 1:28:07]} 4. e3
{[%clk 1:30:30]} Qb6 {[%clk 1:28:34]} 5. Na3 {[%clk 1:25:38]} cxd4
{[%clk 1:25:25]} 6. Nb5 {[%clk 1:16:38]} Nd5 {[%clk 1:24:28]} 7. Qxd4
{[%clk 1:12:18]} Qxd4 {[%clk 1:24:53]} 8. Nfxd4 {[%clk 1:08:57]} Nxf4
{[%clk 1:19:23]} 9. exf4 {[%clk 1:06:30]} Kd8 {[%clk 1:18:19]} 10. g3
{[%clk 1:02:02]} a6 {[%clk 1:18:46]} 11. Nc3 {[%clk 0:58:45]} Nc6
{[%clk 1:18:42]} 12. O-O-O {[%clk 0:53:50]} Bc5 {[%clk 1:11:44]} 13. Nxc6+
{[%clk 0:51:18]} bxc6 {[%clk 1:12:12]} 14. Ne4 {[%clk 0:51:27]} Bb6
{[%clk 1:12:38]} 15. Nd6 {[%clk 0:50:39]} Ke7 {[%clk 1:13:06]} 16. Rd2
{[%clk 0:48:18]} Bc7 {[%clk 1:11:50]} 17. Nxc8+ {[%clk 0:48:21]} Rhxc8
{[%clk 1:12:16]} 18. Bg2 {[%clk 0:45:06]} g6 {[%clk 1:10:30]} 19. c3
{[%clk 0:40:22]} a5 {[%clk 1:10:05]} 20. h4 {[%clk 0:40:01]} h5 {[%clk 1:10:06]}
21. Re1 {[%clk 0:40:06]} d5 {[%clk 1:09:51]} 22. Kc2 {[%clk 0:38:14]} Rcb8
{[%clk 1:08:02]} 23. a3 {[%clk 0:37:46]} a4 {[%clk 1:05:34]} 24. Bf3
{[%clk 0:33:44]} Kf6 {[%clk 1:05:28]} 25. Bd1 {[%clk 0:26:23]} Rb6
{[%clk 1:04:58]} 26. Kd3 {[%clk 0:25:42]} Bd6 {[%clk 1:05:11]} 27. Ke3
{[%clk 0:24:11]} Bf8 {[%clk 1:05:04]} 28. Kf3 {[%clk 0:24:04]} Ke7
{[%clk 1:05:14]} 29. Ree2 {[%clk 0:23:49]} Kd6 {[%clk 1:03:58]} 30. Rd4
{[%clk 0:23:30]} Rba6 {[%clk 1:03:45]} 31. Rdd2 {[%clk 0:22:26]} Bg7
{[%clk 1:04:07]} 32. Re4 {[%clk 0:20:22]} Kc7 {[%clk 1:04:30]} 33. Ree2
{[%clk 0:20:06]} Rb8 {[%clk 1:04:55]} 34. Ke3 {[%clk 0:18:50]} c5
{[%clk 1:03:35]} 35. Kd3 {[%clk 0:18:24]} c4+ {[%clk 1:03:50]} 36. Ke3
{[%clk 0:18:14]} Kc6 {[%clk 1:03:41]} 37. Kf3 {[%clk 0:16:42]} Kc5
{[%clk 1:03:58]} 38. Ke3 {[%clk 0:16:05]} f6 {[%clk 1:01:49]} 39. Kf3
{[%clk 0:05:16]} e5 {[%clk 1:02:15]} 40. Re1 {[%clk 0:31:05]} Ra7
{[%clk 1:29:49]} 41. Rc2 {[%clk 0:28:12]} Rab7 {[%clk 1:29:19]} 42. Ree2
{[%clk 0:26:53]} d4 {[%clk 1:28:31]} 43. cxd4+ {[%clk 0:24:51]} exd4
{[%clk 1:28:14]} 44. Red2 {[%clk 0:22:45]} Rb3+ {[%clk 1:28:40]} 45. Kg2
{[%clk 0:21:28]} d3 {[%clk 1:28:53]} 46. Rc3 {[%clk 0:21:37]} Rxc3
{[%clk 1:29:20]} 47. bxc3 {[%clk 0:22:01]} f5 {[%clk 1:29:44]} 48. Bxa4
{[%clk 0:21:31]} Bxc3 {[%clk 1:29:54]} 49. Rd1 {[%clk 0:20:58]} Ra8
{[%clk 1:29:56]} 50. Bd7 {[%clk 0:21:11]} Rxa3 {[%clk 1:30:24]} 51. Be8
{[%clk 0:21:26]} Ra1 {[%clk 1:30:46]} 52. Rxa1 {[%clk 0:19:13]} Bxa1
{[%clk 1:31:13]} 53. Kf1 {[%clk 0:18:53]} c3 {[%clk 1:31:34]} 54. Ke1
{[%clk 0:18:59]} c2 {[%clk 1:31:59]} 55. Kd2 {[%clk 0:19:20]} Bb2
{[%clk 1:32:25]} 56. Bxg6 {[%clk 0:19:21]} c1=Q+ 0-1

[Event "Agen 2017 - Vétérans"]
[Site "?"]
[Date "2017.08.21"]
[Round "3.1"]
[White "Fauvet, Emmanuel"]
[Black "Prie, Eric"]
[Result "0-1"]
[LiveChessVersion "1.4.8"]
[BlackElo "2481"]
[WhiteElo "2051"]

1. e4 {[%clk 1:30:45]} d5 {[%clk 1:30:53]} 2. d4 {[%clk 1:31:00]} dxe4
{[%clk 1:31:13]} 3. f3 {[%clk 1:31:20]} e5 {[%clk 1:31:32]} 4. dxe5
{[%clk 1:31:32]} Qxd1+ {[%clk 1:31:52]} 5. Kxd1 {[%clk 1:31:58]} exf3
{[%clk 1:31:59]} 6. Nxf3 {[%clk 1:31:53]} Nc6 {[%clk 1:32:09]} 7. Bf4
{[%clk 1:29:49]} Nge7 {[%clk 1:31:20]} 8. e6 {[%clk 1:29:01]} Bxe6
{[%clk 1:31:39]} 9. Bxc7 {[%clk 1:29:22]} Nd5 {[%clk 1:31:57]} 10. Bg3
{[%clk 1:28:50]} O-O-O {[%clk 1:31:00]} 11. Nbd2 {[%clk 1:26:50]} Ne3+
{[%clk 1:30:02]} 12. Kc1 {[%clk 1:25:58]} Nb4 {[%clk 1:28:21]} 13. Ne1
{[%clk 1:25:50]} Nxa2+ {[%clk 1:27:10]} 14. Rxa2 {[%clk 1:25:53]} Bxa2
{[%clk 1:27:32]} 15. Nd3 {[%clk 1:23:23]} Nxf1 {[%clk 1:22:32]} 16. Rxf1
{[%clk 1:23:45]} Bd5 {[%clk 1:22:49]} 17. Nf4 {[%clk 1:14:59]} f6
{[%clk 1:20:21]} 18. Nxd5 {[%clk 1:14:42]} Rxd5 {[%clk 1:20:42]} 19. Rf4
{[%clk 1:11:54]} Bd6 {[%clk 1:19:11]} 20. Rc4+ {[%clk 1:11:48]} Kd7
{[%clk 1:19:33]} 21. Rg4 {[%clk 1:09:59]} Bxg3 {[%clk 1:19:15]} 22. Rxg7+
{[%clk 1:09:57]} Kc8 {[%clk 1:19:36]} 23. Rxg3 {[%clk 1:10:23]} Rhd8
{[%clk 1:20:00]} 24. Rd3 {[%clk 1:10:11]} Rxd3 {[%clk 1:20:13]} 25. cxd3
{[%clk 1:10:13]} Rxd3 {[%clk 1:20:41]} 26. Kc2 {[%clk 1:10:39]} Re3
{[%clk 1:20:50]} 27. Kd1 {[%clk 1:09:53]} b5 {[%clk 1:21:05]} 28. Nf3
{[%clk 1:09:51]} Kd7 {[%clk 1:19:59]} 29. Kd2 {[%clk 1:09:54]} Rxf3
{[%clk 1:19:26]} 30. gxf3 a5 31. Kc3 {[%clk 1:08:50]} Kd6 {[%clk 1:19:46]} 32.
Kd4 {[%clk 1:09:05]} a4 {[%clk 1:19:31]} 33. f4 {[%clk 1:08:34]} f5
{[%clk 1:19:50]} 34. h4 {[%clk 1:08:42]} h5 {[%clk 1:20:12]} 0-1

[Event "Agen 2017 - Vétérans"]
[Site "?"]
[Date "2017.08.21"]
[Round "3.2"]
[White "Vareille, Francois"]
[Black "Gregory, Daniel"]
[Result "1-0"]
[LiveChessVersion "1.4.8"]
[BlackElo "2025"]
[WhiteElo "2424"]

1. d4 {[%clk 1:30:34]} Nf6 {[%clk 1:30:49]} 2. c4 {[%clk 1:30:54]} c5
{[%clk 1:29:37]} 3. d5 {[%clk 1:30:57]} b5 {[%clk 1:29:48]} 4. cxb5
{[%clk 1:31:11]} a6 {[%clk 1:30:10]} 5. f3 {[%clk 1:31:34]} axb5 {[%clk 1:29:44]}
6. e4 {[%clk 1:29:09]} Qa5+ {[%clk 1:29:41]} 7. Bd2 {[%clk 1:29:26]} b4
{[%clk 1:29:51]} 8. Na3 {[%clk 1:29:35]} d6 {[%clk 1:30:04]} 9. Nc4
{[%clk 1:29:54]} Qa7 {[%clk 1:29:28]} 10. Ne2 {[%clk 1:27:45]} g6
{[%clk 1:26:24]} 11. Nc1 {[%clk 1:25:19]} Bg7 {[%clk 1:22:40]} 12. Nb3
{[%clk 1:25:36]} Ba6 {[%clk 1:13:31]} 13. a3 {[%clk 1:23:56]} Bxc4
{[%clk 1:11:35]} 14. Bxc4 {[%clk 1:23:48]} bxa3 {[%clk 1:11:49]} 15. Rxa3
{[%clk 1:20:36]} Qb7 {[%clk 1:12:07]} 16. O-O {[%clk 1:06:31]} O-O
{[%clk 1:06:12]} 17. Bc3 {[%clk 0:54:20]} Na6 {[%clk 0:55:38]} 18. Na5
{[%clk 0:53:28]} Qc7 {[%clk 0:53:21]} 19. Nc6 {[%clk 0:46:30]} Nb4
{[%clk 0:53:26]} 20. Bxb4 {[%clk 0:46:00]} cxb4 {[%clk 0:53:49]} 21. Rb3
{[%clk 0:45:53]} Ra4 {[%clk 0:47:57]} 22. Kh1 {[%clk 0:43:21]} Qb7
{[%clk 0:43:36]} 23. Qe2 {[%clk 0:41:27]} e6 {[%clk 0:39:55]} 24. Bb5
{[%clk 0:41:25]} Ra2 {[%clk 0:39:21]} 25. Nxb4 {[%clk 0:41:30]} Ra5
{[%clk 0:38:54]} 26. Nc6 {[%clk 0:39:15]} Raa8 {[%clk 0:38:23]} 27. dxe6
{[%clk 0:34:00]} fxe6 {[%clk 0:38:37]} 28. e5 {[%clk 0:30:42]} dxe5
{[%clk 0:33:00]} 29. Nxe5 {[%clk 0:30:34]} Rab8 {[%clk 0:30:51]} 30. Nc6
{[%clk 0:30:03]} Rbc8 {[%clk 0:28:49]} 31. Nd4 {[%clk 0:28:55]} Qd5
{[%clk 0:25:35]} 32. Qxe6+ {[%clk 0:28:04]} Kh8 {[%clk 0:25:46]} 33. Qxd5
{[%clk 0:28:06]} Nxd5 {[%clk 0:26:08]} 34. Ne6 {[%clk 0:28:17]} 1-0

[Event "Agen 2017 - Vétérans"]
[Site "?"]
[Date "2017.08.21"]
[Round "3.3"]
[White "Lagunes, Jean-Renaud"]
[Black "Saucey, Michel"]
[Result "0-1"]
[LiveChessVersion "1.4.8"]
[BlackElo "2292"]
[WhiteElo "1974"]

1. e4 {[%clk 1:30:58]} c5 {[%clk 1:30:51]} 2. Nf3 {[%clk 1:31:19]} g6
{[%clk 1:31:18]} 3. d4 {[%clk 1:28:55]} cxd4 {[%clk 1:31:42]} 4. Qxd4
{[%clk 1:29:18]} Nf6 {[%clk 1:32:06]} 5. Bb5 {[%clk 1:29:11]} Nc6
{[%clk 1:31:35]} 6. Bxc6 {[%clk 1:28:23]} bxc6 {[%clk 1:31:59]} 7. c4
{[%clk 1:20:24]} Bb7 {[%clk 1:32:01]} 8. O-O {[%clk 1:16:48]} c5 {[%clk 1:31:25]}
9. Qc3 {[%clk 1:15:55]} Bg7 {[%clk 1:26:45]} 10. e5 {[%clk 1:01:45]} Ng4
{[%clk 1:25:14]} 11. Bf4 {[%clk 0:55:51]} Bxf3 {[%clk 1:17:01]} 12. gxf3
{[%clk 0:54:49]} Nh6 {[%clk 1:17:23]} 13. Bxh6 {[%clk 0:46:43]} Bxh6
{[%clk 1:17:47]} 14. Nd2 {[%clk 0:47:04]} O-O {[%clk 1:16:25]} 15. Ne4
{[%clk 0:40:31]} Bg7 {[%clk 1:04:04]} 16. Rad1 {[%clk 0:38:26]} d6
{[%clk 1:02:54]} 17. f4 {[%clk 0:37:30]} Qc8 {[%clk 0:54:20]} 18. Rd5
{[%clk 0:24:08]} Qf5 {[%clk 0:51:57]} 19. Qe3 {[%clk 0:20:07]} dxe5
{[%clk 0:51:30]} 20. fxe5 {[%clk 0:16:56]} Rac8 {[%clk 0:47:08]} 21. f4
{[%clk 0:09:40]} Rfd8 {[%clk 0:33:23]} 22. Rxd8+ {[%clk 0:05:26]} Rxd8
{[%clk 0:33:49]} 23. Nxc5 {[%clk 0:04:51]} Qc2 {[%clk 0:30:43]} 24. b3
{[%clk 0:04:01]} Qxa2 {[%clk 0:29:43]} 25. Rf2 {[%clk 0:03:21]} Qb1+
{[%clk 0:26:26]} 26. Kg2 {[%clk 0:01:18]} Qd1 {[%clk 0:23:20]} 27. Kg3
{[%clk 0:00:31]} h5 {[%clk 0:20:25]} 28. Kg2 {[%clk 0:00:43]} Rd4
{[%clk 0:18:00]} 29. h3 {[%clk 0:00:56]} Bh6 {[%clk 0:17:07]} 30. Kh2
{[%clk 0:01:12]} Kh7 {[%clk 0:14:30]} 31. Kg2 {[%clk 0:01:32]} Qa1
{[%clk 0:12:47]} 32. Kh2 {[%clk 0:01:42]} Rd1 {[%clk 0:12:56]} 33. Kg3
{[%clk 0:01:43]} Re1 {[%clk 0:11:49]} 34. Qd2 {[%clk 0:01:21]} Rxe5
{[%clk 0:11:41]} 35. Nd7 {[%clk 0:00:44]} *

[Event "Agen 2017 - Vétérans"]
[Site "?"]
[Date "2017.08.21"]
[Round "3.4"]
[White "Goldenberg, Richard"]
[Black "Gravier, Laurent"]
[Result "1-0"]
[LiveChessVersion "1.4.8"]
[BlackElo "1913"]
[WhiteElo "2216"]

1. Nf3 {[%clk 1:30:57]} Nf6 {[%clk 1:30:34]} 2. c4 {[%clk 1:31:26]} c5
{[%clk 1:30:50]} 3. Nc3 {[%clk 1:31:42]} Nc6 {[%clk 1:31:13]} 4. e3
{[%clk 1:29:06]} e6 {[%clk 1:27:32]} 5. d4 {[%clk 1:29:24]} d5 {[%clk 1:27:23]}
6. a3 {[%clk 1:29:00]} cxd4 {[%clk 1:24:05]} 7. exd4 {[%clk 1:29:09]} dxc4
{[%clk 1:21:24]} 8. Bxc4 {[%clk 1:29:35]} Be7 {[%clk 1:21:02]} 9. O-O
{[%clk 1:28:50]} O-O {[%clk 1:20:54]} 10. Re1 {[%clk 1:29:18]} a6
{[%clk 1:19:40]} 11. Bg5 {[%clk 1:12:22]} b5 {[%clk 1:15:33]} 12. Bb3
{[%clk 1:10:07]} Bb7 {[%clk 1:10:30]} 13. Qd3 {[%clk 0:53:03]} Qb6
{[%clk 1:04:36]} 14. Rad1 {[%clk 0:32:30]} Rad8 {[%clk 0:58:19]} 15. Bc2
{[%clk 0:27:35]} g6 {[%clk 0:55:54]} 16. Bb3 {[%clk 0:24:22]} Na5
{[%clk 0:41:57]} 17. Ba2 {[%clk 0:24:26]} Qc7 {[%clk 0:33:13]} 18. Ne5
{[%clk 0:23:23]} Nd5 {[%clk 0:29:58]} 19. Bh6 {[%clk 0:20:51]} Rfe8
{[%clk 0:27:16]} 20. Ne4 {[%clk 0:19:24]} Nc4 {[%clk 0:17:53]} 21. Nxc4
{[%clk 0:16:58]} bxc4 {[%clk 0:18:08]} 22. Bxc4 {[%clk 0:13:30]} Qb6
{[%clk 0:06:52]} 23. b4 {[%clk 0:11:28]} a5 {[%clk 0:04:50]} 24. bxa5
{[%clk 0:06:47]} Qxa5 {[%clk 0:04:42]} 25. Bb5 {[%clk 0:06:34]} Rf8
{[%clk 0:03:29]} 26. a4 {[%clk 0:05:36]} Nb4 {[%clk 0:02:13]} 27. Qc3
{[%clk 0:04:04]} Bxe4 1-0

[Event "Agen 2017 - Open A"]
[Site "?"]
[Date "2017.08.21"]
[Round "3.1"]
[White "Monpeurt, Cyrielle"]
[Black "Degardin, Sylvain"]
[Result "1-0"]
[LiveChessVersion "1.4.8"]
[BlackElo "2195"]
[WhiteElo "2135"]

1. e4 {[%clk 1:24:45]} c5 {[%clk 1:30:15]} 2. Nf3 {[%clk 1:24:48]} d6
{[%clk 1:30:35]} 3. d4 {[%clk 1:25:06]} cxd4 {[%clk 1:30:55]} 4. Nxd4
{[%clk 1:25:30]} Nf6 {[%clk 1:31:16]} 5. Nc3 {[%clk 1:25:41]} a6 {[%clk 1:31:39]}
6. f4 {[%clk 1:24:12]} e5 {[%clk 1:30:04]} 7. Nf5 {[%clk 1:22:13]} d5
{[%clk 0:56:04]} 8. Ne3 {[%clk 1:18:44]} exf4 {[%clk 0:34:37]} 9. Nexd5
{[%clk 1:11:47]} Nxd5 {[%clk 0:34:33]} 10. Nxd5 {[%clk 1:11:49]} Qh4+
{[%clk 0:31:35]} 11. g3 {[%clk 1:12:00]} fxg3 {[%clk 0:31:56]} 12. Nc7+
{[%clk 1:08:44]} Ke7 {[%clk 0:32:11]} 13. Bg2 {[%clk 1:09:05]} Bh3
{[%clk 0:26:53]} 14. O-O {[%clk 0:45:49]} f6 {[%clk 0:10:00]} 15. Bf4
{[%clk 0:42:08]} Bxg2 {[%clk 0:04:06]} 16. Qd6+ {[%clk 0:41:52]} Kf7
{[%clk 0:04:28]} 17. Qe6+ {[%clk 0:42:16]} 1-0

[Event "Agen 2017 - Open A"]
[Site "?"]
[Date "2017.08.21"]
[Round "3.3"]
[White "Lagarde, Dimitri"]
[Black "De Seroux, Camille"]
[Result "1/2-1/2"]
[LiveChessVersion "1.4.8"]
[BlackElo "2176"]
[WhiteElo "2115"]

1. e4 {[%clk 1:30:58]} c5 {[%clk 1:27:19]} 2. Ne2 {[%clk 1:31:23]} Nc6
{[%clk 1:27:04]} 3. Nbc3 {[%clk 1:31:48]} d6 {[%clk 1:26:30]} 4. g3
{[%clk 1:32:04]} g6 {[%clk 1:25:59]} 5. Bg2 {[%clk 1:32:09]} Bg7 {[%clk 1:26:00]}
6. O-O {[%clk 1:32:22]} e6 {[%clk 1:22:57]} 7. d3 {[%clk 1:31:28]} Nge7
{[%clk 1:22:52]} 8. Be3 {[%clk 1:30:45]} Nd4 {[%clk 1:17:21]} 9. Qd2
{[%clk 1:21:37]} O-O {[%clk 1:14:21]} 10. f4 {[%clk 1:17:34]} Rb8
{[%clk 1:10:04]} 11. Nd1 {[%clk 1:15:09]} Nec6 {[%clk 0:49:02]} 12. c3
{[%clk 1:12:32]} Nxe2+ {[%clk 0:49:20]} 13. Qxe2 {[%clk 1:12:57]} Qc7
{[%clk 0:46:27]} 14. Nf2 {[%clk 0:56:50]} b5 {[%clk 0:44:10]} 15. Rac1
{[%clk 0:56:49]} b4 {[%clk 0:29:13]} 16. d4 {[%clk 0:52:58]} Qa5 {[%clk 0:24:04]}
17. Qd2 {[%clk 0:47:00]} Qxa2 {[%clk 0:22:14]} 18. e5 {[%clk 0:42:27]} bxc3
{[%clk 0:16:05]} 19. bxc3 {[%clk 0:40:10]} Rb2 {[%clk 0:13:04]} 20. Qd1
{[%clk 0:39:59]} Bb7 {[%clk 0:08:02]} 21. exd6 {[%clk 0:38:08]} cxd4
{[%clk 0:03:53]} 22. cxd4 {[%clk 0:38:16]} Nd8 {[%clk 0:01:18]} 23. Rc7
{[%clk 0:30:04]} Bxg2 {[%clk 0:01:24]} 24. Kxg2 {[%clk 0:30:32]} Qd5+
{[%clk 0:01:22]} 25. Qf3 {[%clk 0:29:37]} Qxd6 {[%clk 0:01:35]} 26. Rxa7
{[%clk 0:30:04]} Rb3 {[%clk 0:01:04]} 27. Ne4 {[%clk 0:27:56]} Qb6
{[%clk 0:01:06]} 28. Rd7 {[%clk 0:28:15]} Nc6 {[%clk 0:01:07]} 29. Rd6
{[%clk 0:24:59]} Qb5 {[%clk 0:01:08]} 30. Nd2 {[%clk 0:14:12]} Rc3
{[%clk 0:01:21]} 31. Rb1 {[%clk 0:14:38]} Qd3 {[%clk 0:01:11]} 32. Rxc6
{[%clk 0:14:22]} Rxc6 {[%clk 0:01:18]} 33. Qxc6 {[%clk 0:13:41]} Qxe3
{[%clk 0:01:46]} 34. Nf3 {[%clk 0:14:03]} Bxd4 {[%clk 0:00:38]} 35. Qc2
{[%clk 0:14:23]} Bf6 {[%clk 0:00:36]} 36. Re1 {[%clk 0:13:40]} Qa3
{[%clk 0:00:40]} 37. Rb1 {[%clk 0:10:48]} Ra8 {[%clk 0:00:51]} 38. g4
{[%clk 0:09:20]} Qd6 {[%clk 0:00:43]} 39. Qc4 {[%clk 0:07:34]} h6
{[%clk 0:00:40]} 40. Rb7 {[%clk 0:36:20]} Qd1 {[%clk 0:30:36]} 41. f5
{[%clk 0:22:53]} Qa4 {[%clk 0:13:11]} 42. Qxa4 {[%clk 0:10:58]} Rxa4
{[%clk 0:13:38]} 43. fxe6 {[%clk 0:11:22]} fxe6 {[%clk 0:13:06]} 44. Kg3
{[%clk 0:11:16]} g5 {[%clk 0:04:12]} 45. h3 {[%clk 0:07:17]} e5 {[%clk 0:02:33]}
46. Nd2 {[%clk 0:06:38]} e4 {[%clk 0:02:17]} 47. Kf2 {[%clk 0:06:29]} Bd4+
{[%clk 0:02:02]} 48. Ke2 {[%clk 0:06:06]} e3 {[%clk 0:01:48]} 49. Nf3
{[%clk 0:04:39]} Ra2+ {[%clk 0:01:22]} 50. Kd3 {[%clk 0:04:32]} Ba7
{[%clk 0:01:29]} 51. Ne1 {[%clk 0:04:19]} e2 {[%clk 0:01:14]} 52. Re7
{[%clk 0:04:30]} Bf2 {[%clk 0:01:03]} 53. Rxe2 {[%clk 0:04:17]} Ra3+
{[%clk 0:01:22]} 54. Ke4 {[%clk 0:04:22]} Bxe1 {[%clk 0:01:27]} 55. Rxe1
{[%clk 0:04:49]} Rxh3 {[%clk 0:01:51]} 56. Ra1 {[%clk 0:04:51]} Kf7
{[%clk 0:01:14]} 57. Ra7+ {[%clk 0:05:01]} Ke6 {[%clk 0:01:37]} 58. Ra6+
{[%clk 0:05:25]} Kd7 {[%clk 0:01:37]} 59. Kf5 {[%clk 0:05:18]} Rh4
{[%clk 0:01:21]} 60. Ke4 1/2-1/2

[Event "Agen 2017 - Open A"]
[Site "?"]
[Date "2017.08.21"]
[Round "3.4"]
[White "Duquesne, Adrien"]
[Black "Attard, Leopold"]
[Result "1-0"]
[LiveChessVersion "1.4.8"]
[BlackElo "2109"]
[WhiteElo "2172"]

1. d4 {[%clk 1:21:52]} d5 {[%clk 1:30:55]} 2. Bf4 {[%clk 1:21:47]} e6
{[%clk 1:29:20]} 3. e3 {[%clk 1:21:02]} Bd6 {[%clk 1:29:47]} 4. Bxd6
{[%clk 1:16:45]} Qxd6 {[%clk 1:29:40]} 5. Qg4 {[%clk 1:12:16]} g6
{[%clk 1:17:05]} 6. Nd2 {[%clk 1:10:39]} Nf6 {[%clk 1:13:26]} 7. Qh4
{[%clk 1:09:36]} Nbd7 {[%clk 1:13:51]} 8. Ngf3 {[%clk 1:05:08]} O-O
{[%clk 1:08:25]} 9. Be2 {[%clk 1:02:48]} e5 {[%clk 1:05:18]} 10. dxe5
{[%clk 1:02:57]} Nxe5 {[%clk 1:05:39]} 11. O-O {[%clk 1:03:11]} Kg7
{[%clk 0:57:17]} 12. Rfd1 {[%clk 1:01:08]} Nxf3+ {[%clk 0:53:54]} 13. Nxf3
{[%clk 0:57:31]} Qe7 {[%clk 0:53:07]} 14. h3 {[%clk 0:30:13]} b6 {[%clk 0:47:38]}
15. a4 {[%clk 0:25:49]} Bb7 {[%clk 0:41:03]} 16. a5 {[%clk 0:23:59]} c5
{[%clk 0:41:05]} 17. c3 {[%clk 0:20:08]} Rfd8 {[%clk 0:37:03]} 18. Qg5
{[%clk 0:16:24]} h6 {[%clk 0:28:50]} 19. Qe5 {[%clk 0:16:29]} Re8
{[%clk 0:28:51]} 20. Qxe7 {[%clk 0:15:16]} Rxe7 {[%clk 0:29:20]} 21. Kf1
{[%clk 0:14:04]} Rae8 {[%clk 0:28:19]} 22. Bb5 {[%clk 0:14:18]} Rc8
{[%clk 0:27:31]} 23. a6 {[%clk 0:05:37]} Bc6 {[%clk 0:21:30]} 24. Be2
{[%clk 0:05:08]} Ne4 {[%clk 0:17:48]} 25. Nd2 {[%clk 0:02:52]} Nd6
{[%clk 0:17:16]} 26. Bf3 {[%clk 0:03:12]} Nc4 {[%clk 0:11:44]} 27. Nxc4
{[%clk 0:02:53]} dxc4 {[%clk 0:12:13]} 28. Rd6 {[%clk 0:03:02]} Bxf3
{[%clk 0:10:20]} 29. gxf3 {[%clk 0:03:31]} Rec7 {[%clk 0:10:38]} 30. e4
{[%clk 0:02:08]} Kf8 {[%clk 0:09:11]} 31. Rad1 {[%clk 0:02:02]} Re8
{[%clk 0:06:23]} 32. Ke2 {[%clk 0:01:56]} Ree7 {[%clk 0:01:21]} 33. Ke3
{[%clk 0:02:12]} Kg7 {[%clk 0:01:26]} 34. f4 {[%clk 0:02:18]} b5 {[%clk 0:01:00]}
35. e5 {[%clk 0:02:13]} Re6 {[%clk 0:00:48]} 36. Ke4 {[%clk 0:01:27]} Rc6
{[%clk 0:00:39]} 37. Rxc6 {[%clk 0:01:37]} Rxc6 {[%clk 0:01:06]} 38. Rd6
{[%clk 0:01:56]} Rc7 {[%clk 0:01:04]} 39. Kd5 {[%clk 0:02:17]} Kf8
{[%clk 0:01:09]} 40. Rc6 {[%clk 0:31:49]} Rd7+ {[%clk 0:31:33]} 41. Rd6
{[%clk 0:25:26]} Rc7 {[%clk 0:31:00]} 42. f5 {[%clk 0:19:50]} gxf5
{[%clk 0:26:09]} 43. Rxh6 {[%clk 0:19:43]} Ke7 {[%clk 0:26:07]} 44. h4
{[%clk 0:18:19]} Rc8 {[%clk 0:26:22]} 45. h5 {[%clk 0:17:29]} Rg8
{[%clk 0:25:07]} 46. Rc6 {[%clk 0:12:01]} Rd8+ {[%clk 0:19:09]} 47. Kxc5
{[%clk 0:07:36]} Rd2 {[%clk 0:19:34]} 48. h6 {[%clk 0:07:35]} Rxf2
{[%clk 0:19:25]} 49. Rc7+ {[%clk 0:07:51]} Ke6 {[%clk 0:19:27]} 50. Rxa7
{[%clk 0:08:04]} 1-0

[Event "Agen 2017 - Open B"]
[Site "?"]
[Date "2017.08.21"]
[Round "3.1"]
[White "Buisson, Lionel"]
[Black "Graillon, David"]
[Result "1/2-1/2"]
[LiveChessVersion "1.4.8"]
[BlackElo "1885"]
[WhiteElo "1976"]

1. e4 {[%clk 1:30:46]} c5 {[%clk 1:30:53]} 2. Nf3 {[%clk 1:31:11]} Nc6
{[%clk 1:31:17]} 3. d4 {[%clk 1:31:36]} cxd4 {[%clk 1:31:04]} 4. Nxd4
{[%clk 1:31:59]} e5 {[%clk 1:30:45]} 5. Nb5 {[%clk 1:31:26]} a6 {[%clk 1:29:01]}
6. Nd6+ {[%clk 1:28:57]} Bxd6 {[%clk 1:29:19]} 7. Qxd6 {[%clk 1:29:22]} Qf6
{[%clk 1:29:26]} 8. Qd1 {[%clk 1:22:26]} Qg6 {[%clk 1:27:40]} 9. Nc3
{[%clk 1:14:22]} Nge7 {[%clk 1:23:23]} 10. Be3 {[%clk 0:56:04]} d5
{[%clk 1:13:49]} 11. exd5 {[%clk 0:30:43]} Nb4 {[%clk 1:11:54]} 12. Bd3
{[%clk 0:28:06]} Bf5 {[%clk 1:02:02]} 13. Bxf5 {[%clk 0:22:41]} Nxf5
{[%clk 0:52:57]} 14. Bc5 {[%clk 0:20:28]} Nd4 {[%clk 0:49:45]} 15. O-O
{[%clk 0:19:56]} Nbxc2 {[%clk 0:46:40]} 16. Bxd4 {[%clk 0:18:06]} Nxd4
{[%clk 0:35:57]} 17. Re1 {[%clk 0:15:59]} O-O {[%clk 0:20:39]} 18. Rxe5
{[%clk 0:16:14]} Nf5 {[%clk 0:18:12]} 19. Qd3 {[%clk 0:10:44]} Nd6
{[%clk 0:16:19]} 20. Qxg6 {[%clk 0:08:44]} hxg6 {[%clk 0:16:14]} 21. Re7
{[%clk 0:07:19]} Rfd8 {[%clk 0:14:47]} 22. a4 {[%clk 0:05:06]} Rac8
{[%clk 0:13:37]} 23. g3 {[%clk 0:04:47]} Rc4 {[%clk 0:12:37]} 24. Rae1
{[%clk 0:04:20]} Rb4 {[%clk 0:11:25]} 25. R1e2 {[%clk 0:04:23]} Kf8
{[%clk 0:06:50]} 26. Rc7 {[%clk 0:02:47]} Re8 {[%clk 0:06:27]} 27. Rd2
{[%clk 0:02:32]} Re7 {[%clk 0:05:57]} 28. Rxe7 {[%clk 0:02:15]} Kxe7
{[%clk 0:06:21]} 29. Re2+ {[%clk 0:01:35]} Kd7 {[%clk 0:06:35]} 30. h4
{[%clk 0:01:09]} Nc4 {[%clk 0:06:12]} 31. Re4 {[%clk 0:01:33]} b5
{[%clk 0:03:56]} 32. axb5 {[%clk 0:01:24]} axb5 {[%clk 0:04:04]} 33. Nxb5
{[%clk 0:01:51]} Rxb2 {[%clk 0:03:27]} 34. Rxc4 {[%clk 0:02:02]} Rxb5
{[%clk 0:03:45]} 35. Rd4 {[%clk 0:02:14]} Kd6 {[%clk 0:03:37]} 36. Rf4
{[%clk 0:02:24]} Rb7 {[%clk 0:03:26]} 37. Rg4 {[%clk 0:02:18]} Kxd5
{[%clk 0:03:18]} 38. h5 {[%clk 0:02:45]} Rb6 {[%clk 0:02:58]} 39. Rf4
{[%clk 0:02:20]} Ke6 40. hxg6 {[%clk 0:32:19]} fxg6 {[%clk 0:32:40]} 41. Kg2
{[%clk 0:31:42]} Rb5 {[%clk 0:27:46]} 42. Kh3 {[%clk 0:24:35]} Ra5
{[%clk 0:27:44]} 43. Kg4 {[%clk 0:23:50]} Rb5 {[%clk 0:27:31]} 44. Rf8
{[%clk 0:23:27]} Ke7 {[%clk 0:27:29]} 45. Rc8 {[%clk 0:22:31]} Kf6
{[%clk 0:27:15]} 46. f4 {[%clk 0:22:32]} Ra5 {[%clk 0:26:36]} 47. Rc6+
{[%clk 0:20:25]} Kf7 {[%clk 0:24:05]} 48. Kh4 {[%clk 0:17:44]} Rh5+
{[%clk 0:24:11]} 49. Kg4 {[%clk 0:18:13]} Ra5 {[%clk 0:24:24]} 50. Kh3
{[%clk 0:18:33]} Rh5+ {[%clk 0:24:44]} 51. Kg2 {[%clk 0:18:38]} Ra5
{[%clk 0:25:07]} 52. g4 {[%clk 0:18:29]} Ra3 {[%clk 0:25:12]} 53. g5
{[%clk 0:17:05]} Rb3 {[%clk 0:23:55]} 54. Rc7+ {[%clk 0:16:44]} Kf8
{[%clk 0:23:54]} 55. Kf2 {[%clk 0:16:16]} Ra3 {[%clk 0:24:06]} 56. Rd7
{[%clk 0:16:24]} Rb3 {[%clk 0:23:43]} 57. Ke2 {[%clk 0:16:41]} Ra3
{[%clk 0:23:30]} 58. Rd3 {[%clk 0:15:36]} Ra7 {[%clk 0:23:02]} 59. Kf3
{[%clk 0:15:27]} Kf7 {[%clk 0:22:49]} 60. Ke4 {[%clk 0:15:21]} Re7+
{[%clk 0:23:02]} 61. Kf3 {[%clk 0:14:38]} Ra7 {[%clk 0:23:09]} 62. Re3
{[%clk 0:14:29]} Ra4 {[%clk 0:22:48]} 63. Rc3 {[%clk 0:11:40]} Ra7
{[%clk 0:23:16]} 64. Rc6 {[%clk 0:10:11]} Re7 {[%clk 0:21:56]} 65. f5
{[%clk 0:06:52]} gxf5 {[%clk 0:21:36]} 66. g6+ {[%clk 0:07:17]} Kf8
{[%clk 0:21:12]} 67. Kf4 {[%clk 0:06:29]} Re8 {[%clk 0:20:08]} 68. Kxf5
{[%clk 0:06:04]} Kg8 {[%clk 0:20:02]} 69. Rc7 {[%clk 0:05:22]} Kf8
{[%clk 0:19:51]} 70. Rf7+ {[%clk 0:04:55]} Kg8 {[%clk 0:20:07]} 71. Ke4 1-0